000 00299nam a2200109Ia 4500
008 171205s9999 xx 000 0 und d
020 _a9781635494518
100 _aRobson, Shaun
245 _aFundamentals of Educational Research
260 _bLarsen and Keller Education
_c2017
300 _a240 pages
999 _c347417
_d347417